ARRUPE JESUIT UNIVERSITY

CORONAVIRUS -STOP THE SPREAD - CLEAN,DISINFECT,COVER

Development Aid in the 1990s (Record no. 126077)

MARC details
000 -LEADER
fixed length control field 00526nam a22001577a 4500
005 - DATE AND TIME OF LATEST TRANSACTION
control field 20170208160404.0
008 - FIXED-LENGTH DATA ELEMENTS--GENERAL INFORMATION
fixed length control field 170208b xxu||||| |||| 00| 0 eng d
050 ## - LIBRARY OF CONGRESS CALL NUMBER
Classification number HC60.W681
100 ## - MAIN ENTRY--PERSONAL NAME
Personal name Wilkens, Ann
9 (RLIN) 28699
245 ## - TITLE STATEMENT
Title Development Aid in the 1990s
Remainder of title swedish experience and perspectives
Statement of responsibility, etc by Wilkens, Ann
260 ## - PUBLICATION, DISTRIBUTION, ETC. (IMPRINT)
Place of publication, distribution, etc Stockholm
Name of publisher, distributor, etc BOK SIDA
Date of publication, distribution, etc 1990
300 ## - PHYSICAL DESCRIPTION
Extent 34p.;
650 ## - SUBJECT ADDED ENTRY--TOPICAL TERM
Topical term or geographic name as entry element Economic assistance
General subdivision Developing countries
9 (RLIN) 28700
650 ## - SUBJECT ADDED ENTRY--TOPICAL TERM
Topical term or geographic name as entry element Developing countries
General subdivision Economic policy
9 (RLIN) 28701
942 ## - ADDED ENTRY ELEMENTS (KOHA)
Source of classification or shelving scheme Library of Congress Classification
Item type Monograph ( Printed materials)
Holdings
Withdrawn status Lost status Source of classification or shelving scheme Damaged status Not for loan Collection code Home library Current library Shelving location Date acquired Total Checkouts Full call number Barcode Date last seen Price effective from Koha item type
    Library of Congress Classification     Main Collection ARRUPE LIBRARY ARRUPE LIBRARY Main Collection 08/02/2017   HC60.W681 46500023641 23/04/2018 08/02/2017 Monograph ( Printed materials)

 

Arrupe Library. PO Box MP320 Mt Pleasant, Harare, Zimbabwe
263 242 745411|librarian@aju.ac.zw